[Event "Brasschaat op 15th"]
[Site "Brasschaat"]
[Date "2015.08.20"]
[Round "6"]
[White "Chaerle, Josse"]
[Black "Tuerlinckx, Ben"]
[Result "1/2-1/2"]
[WhiteElo "1789"]
[BlackElo "2119"]
[PlyCount "76"]
[EventDate "2015.08.15"]
[EventType "swiss"]
[EventRounds "9"]
[EventCountry "BEL"]
[SourceTitle "EXT 2016"]
[Source "ChessBase"]
[SourceDate "2015.10.08"]
[SourceVersion "1"]
[SourceVersionDate "2015.10.08"]
[SourceQuality "1"]

1. d4 c5 2. e4 cxd4 3. c3 dxc3 4. Nxc3 Nc6 5. Nf3 g6 6. Bc4 Bg7 7. 0-0 d6 8. Qe2 a6 9. Rd1 b5 10. Bd5 Bb7 11. Bxf7+ Kxf7 12. Ng5+ Ke8 13. Ne6 Qc8 14. Nd5 Qxe6 15. Nc7+ Kd7 16. Nxe6 Kxe6 17. Qg4+ Kf7 18. Qd7 Nd8 19. Bg5 h6 20. Bh4 g5 21. Bg3 Nf6 22. Qc7 Nxe4 23. Bxd6 Nxd6 24. Rxd6 Be5 25. Rad1 Bxd6 26. Rxd6 Rc8 27. Qd7 Rc1+ 28. Rd1 Rxd1+ 29. Qxd1 Ne6 30. h4 Be4 31. Qh5+ Bg6 32. Qf3+ Kg7 33. Qc3+ Kh7 34. Qe5 Bf7 35. Qe4+ Kg7 36. Qe5+ Kh7 37. Qe4+ Kg7 38. Qe5+ Kh7 1/2-1/2

[Event "Brasschaat op 15th"]
[Site "Brasschaat"]
[Date "2015.08.15"]
[Round "1"]
[White "Tuerlinckx, Ben"]
[Black "Vlaeyens, Manu"]
[Result "1-0"]
[WhiteElo "2119"]
[BlackElo "1667"]
[PlyCount "56"]
[EventDate "2015.08.15"]
[EventType "swiss"]
[EventRounds "9"]
[EventCountry "BEL"]
[SourceTitle "EXT 2016"]
[Source "ChessBase"]
[SourceDate "2015.10.08"]
[SourceVersion "1"]
[SourceVersionDate "2015.10.08"]
[SourceQuality "1"]

1. d4 e6 2. Nf3 f5 3. Nc3 Nf6 4. Bg5 Be7 5. Bxf6 Bxf6 6. e4 0-0 7. Bd3 d6 8. e5 dxe5 9. dxe5 Be7 10. Bc4 Qxd1+ 11. Rxd1 Nc6 12. 0-0 a6 13. Ne2 g5 14. Nfd4 Nd8 15. f4 g4 16. Ng3 Kg7 17. a4 Bc5 18. Kh1 Re8 19. c3 Bxd4 20. cxd4 Bd7 21. Nh5+ Kf8 22. Nf6 Re7 23. Rd3 b5 24. Ba2 c5 25. Rfd1 Nb7 26. Bd5 Ra7 27. Bxb7 Rxb7 28. Ra1 Kg7 1-0

[Event "BEL-ch U18"]
[Site "Blankenberge"]
[Date "2015.04.15"]
[Round "6"]
[White "De Block, Yordi"]
[Black "Tuerlinckx, Ben"]
[Result "0-1"]
[WhiteElo "2005"]
[BlackElo "2017"]
[PlyCount "56"]
[EventDate "2015.04.12"]
[EventType "swiss"]
[EventRounds "9"]
[EventCountry "BEL"]
[SourceTitle "CBM 166 Extra"]
[Source "ChessBase"]
[SourceDate "2015.06.18"]
[SourceVersion "1"]
[SourceVersionDate "2015.06.18"]
[SourceQuality "1"]

1. e4 e5 2. Bc4 Nc6 3. Nf3 Bc5 4. d3 Nf6 5. Nc3 h6 6. h3 d6 7. Be3 Bb6 8. Qd2 Be6 9. Bb3 d5 10. exd5 Nxd5 11. Bxb6 axb6 12. 0-0 0-0 13. Rfe1 Nf4 14. Bxe6 fxe6 15. Ne4 Nxh3+ 16. gxh3 Rxf3 17. Kg2 Rf4 18. c3 Ne7 19. Qe2 Nf5 20. Kh2 Nh4 21. Nd2 Qd5 22. Rg1 Raf8 23. Raf1 e4 24. Nxe4 Nf3+ 25. Kh1 Nxg1 26. Kxg1 Rf3 27. Rd1 Rxh3 28. Ng3 Rh4 0-1

[Event "BEL-ch U18"]
[Site "Blankenberge"]
[Date "2015.04.15"]
[Round "5"]
[White "Tuerlinckx, Ben"]
[Black "Chaerle, Josse"]
[Result "1-0"]
[WhiteElo "2017"]
[BlackElo "1777"]
[PlyCount "107"]
[EventDate "2015.04.12"]
[EventType "swiss"]
[EventRounds "9"]
[EventCountry "BEL"]
[SourceTitle "CBM 166 Extra"]
[Source "ChessBase"]
[SourceDate "2015.06.18"]
[SourceVersion "1"]
[SourceVersionDate "2015.06.18"]
[SourceQuality "1"]

1. d4 d5 2. Bf4 Nf6 3. e3 g6 4. Nd2 Bg7 5. Ngf3 0-0 6. Bd3 c5 7. c3 Nc6 8. 0-0 Re8 9. Ne5 Nh5 10. Nxc6 bxc6 11. Bg5 Qd6 12. Be2 Nf6 13. Bf4 Qd8 14. dxc5 Nd7 15. Qa4 Bb7 16. Nb3 e5 17. Bg3 Qe7 18. Ba6 Bxa6 19. Qxa6 Rec8 20. Qa5 Bf8 21. Rac1 f6 22. c4 Nxc5 23. cxd5 Nxb3 24. axb3 cxd5 25. Qxd5+ Qf7 26. Qd3 Rab8 27. Rxc8 Rxc8 28. f4 exf4 29. Bxf4 f5 30. Be5 Bg7 31. Bxg7 Qxg7 32. e4 fxe4 33. Qxe4 Rd8 34. Qc4+ Kh8 35. Qc3 Qd4+ 36. Kh1 Qxc3 37. bxc3 Rd3 38. Rc1 a5 39. Kg1 Kg7 40. Kf1 Rd2 41. Ra1 Rb2 42. Ra3 Rc2 43. c4 Rc3 44. Ke2 a4 45. Kd2 Rxb3 46. Rxb3 axb3 47. Kc3 b2 48. Kxb2 Kf6 49. Kc3 Ke5 50. Kb4 g5 51. c5 h5 52. Kb5 h4 53. c6 h3 54. gxh3 1-0

[Event "BEL-ch U18"]
[Site "Blankenberge"]
[Date "2015.04.14"]
[Round "4"]
[White "Veestraeten, Bram"]
[Black "Tuerlinckx, Ben"]
[Result "0-1"]
[WhiteElo "1635"]
[BlackElo "2017"]
[PlyCount "60"]
[EventDate "2015.04.12"]
[EventType "swiss"]
[EventRounds "9"]
[EventCountry "BEL"]
[SourceTitle "CBM 166 Extra"]
[Source "ChessBase"]
[SourceDate "2015.06.18"]
[SourceVersion "1"]
[SourceVersionDate "2015.06.18"]
[SourceQuality "1"]

1. e4 Nc6 2. d4 d5 3. e5 Bf5 4. c3 e6 5. Bd3 Bxd3 6. Qxd3 Nge7 7. Bg5 h6 8. Bh4 Qd7 9. Nd2 Nf5 10. Bg3 0-0-0 11. Nb3 h5 12. Nf3 f6 13. exf6 gxf6 14. 0-0-0 Nxg3 15. hxg3 e5 16. Qe2 Qh7 17. Qc2 e4 18. Ng1 Qf5 19. Kb1 Bd6 20. Re1 Rdg8 21. Rh4 Ne7 22. Re3 Ng6 23. Rh1 h4 24. gxh4 Rxh4 25. Rhh3 Rxh3 26. Rxh3 Nf4 27. Rg3 Rxg3 28. fxg3 Nd3 29. Ne2 Ne1 30. Qd1 e3+ 0-1

[Event "BEL-ch U18"]
[Site "Blankenberge"]
[Date "2015.04.13"]
[Round "2"]
[White "Chimakadze, Giorgi"]
[Black "Tuerlinckx, Ben"]
[Result "1-0"]
[WhiteElo "1571"]
[BlackElo "2017"]
[PlyCount "51"]
[EventDate "2015.04.12"]
[EventType "swiss"]
[EventRounds "9"]
[EventCountry "BEL"]
[SourceTitle "CBM 166 Extra"]
[Source "ChessBase"]
[SourceDate "2015.06.18"]
[SourceVersion "1"]
[SourceVersionDate "2015.06.18"]
[SourceQuality "1"]

1. e4 e5 2. Nf3 Nc6 3. Bc4 Bc5 4. 0-0 Nf6 5. d4 exd4 6. e5 d5 7. exf6 dxc4 8. Re1+ Be6 9. Ng5 Qxf6 10. Nxe6 fxe6 11. Qh5+ Kd7 12. Qxc5 Rhf8 13. Rf1 Rae8 14. Qxc4 Kc8 15. Qe2 Qf5 16. Na3 e5 17. h3 h5 18. f3 g5 19. Qe4 Qxe4 20. fxe4 Rxf1+ 21. Kxf1 Rf8+ 22. Kg1 g4 23. hxg4 hxg4 24. Bd2 d3 25. c3 Nd8 26. Rf1 1-0

[Event "BEL-ch U18"]
[Site "Blankenberge"]
[Date "2015.04.12"]
[Round "1"]
[White "Tuerlinckx, Ben"]
[Black "Vincent, Ayla"]
[Result "1/2-1/2"]
[WhiteElo "2017"]
[BlackElo "1640"]
[PlyCount "80"]
[EventDate "2015.04.12"]
[EventType "swiss"]
[EventRounds "9"]
[EventCountry "BEL"]
[SourceTitle "CBM 166 Extra"]
[Source "ChessBase"]
[SourceDate "2015.06.18"]
[SourceVersion "1"]
[SourceVersionDate "2015.06.18"]
[SourceQuality "1"]

1. e4 c5 2. d4 cxd4 3. c3 dxc3 4. Nxc3 Nc6 5. Nf3 g6 6. Bc4 Bg7 7. 0-0 d6 8. Be3 Nf6 9. h3 0-0 10. Qe2 Nd7 11. Rad1 Nde5 12. Nxe5 Nxe5 13. Bb3 Bd7 14. f4 Nc6 15. Rd2 Qc8 16. Rc1 Be6 17. Nd5 Qd7 18. e5 Rac8 19. Ba4 Bxd5 20. Rxd5 Qe6 21. Bb3 dxe5 22. Rxe5 Qf6 23. Rd5 Qxb2 24. Rc2 Qf6 25. Qd2 e6 26. Rd7 Rfd8 27. Ba4 Rxd7 28. Qxd7 Rd8 29. Qxb7 Nd4 30. Rd2 Nf5 31. Rxd8+ Qxd8 32. Bxa7 Bd4+ 33. Kh2 Bxa7 34. Qxa7 Qd2 35. Qb8+ Kg7 36. Bb3 Ne3 37. Qe5+ Kg8 38. Qe4 Qe1 39. Bc2 Nf1+ 40. Kg1 Ne3+ 1/2-1/2

[Event "BEL-ch U16"]
[Site "Blankenberge"]
[Date "2014.04.19"]
[Round "9"]
[White "Van den Bosch, Arno"]
[Black "Tuerlinckx, Ben"]
[Result "1/2-1/2"]
[WhiteElo "1738"]
[BlackElo "2039"]
[PlyCount "181"]
[EventDate "2014.04.??"]
[EventType "swiss"]
[EventRounds "9"]
[EventCountry "BEL"]
[SourceTitle "EXT 2015"]
[Source "ChessBase"]
[SourceDate "2014.11.20"]
[SourceVersion "1"]
[SourceVersionDate "2014.11.20"]
[SourceQuality "1"]

1. e4 c5 2. Nf3 a6 3. c3 b5 4. d4 cxd4 5. cxd4 Bb7 6. Bd3 g6 7. 0-0 Bg7 8. Be3 Nf6 9. Nbd2 0-0 10. a4 b4 11. h3 d6 12. a5 d5 13. e5 Ne4 14. Qa4 Nc6 15. Nxe4 dxe4 16. Bxe4 Rc8 17. Rfd1 Qd7 18. Nd2 Ba8 19. Bxc6 Bxc6 20. Qxb4 Rb8 21. Qa3 Qd5 22. f3 f6 23. Qc5 fxe5 24. Qxd5+ Bxd5 25. Nf1 Bb3 26. Rd2 Rfd8 27. dxe5 Bxe5 28. Bb6 Rf8 29. Re2 Bf6 30. Nd2 Bd5 31. Ne4 Be5 32. Nc3 Bxc3 33. bxc3 e6 34. Rc1 Rbc8 35. Rb2 Rf4 36. Be3 Ra4 37. Bb6 Rac4 38. Rbc2 Bc6 39. Re2 Kf7 40. Re3 Bd5 41. Kf2 Ra4 42. Kg3 h5 43. Kf2 g5 44. Rc2 Kf6 45. Rb2 Kg6 46. Rd2 g4 47. hxg4 hxg4 48. Rd4 Ra2+ 49. Kg3 gxf3 50. gxf3 Kf6 51. Rf4+ Ke7 52. Rd4 Kd6 53. c4 Rxc4 54. Rxc4 Bxc4 55. f4 Bd5 56. Rc3 Ke7 57. Re3 Rg2+ 58. Kh3 Kf6 59. Re5 Rg8 60. Bd4 Kf7 61. f5 Rh8+ 62. Kg3 Rg8+ 63. Kh3 Rg5 64. Kh4 Rg8 65. fxe6+ Bxe6 66. Rg5 Rd8 67. Bb6 Rd1 68. Kg3 Kf6 69. Rc5 Rd3+ 70. Kf4 Rd1 71. Ke4 Re1+ 72. Kd4 Rd1+ 73. Ke4 Ke7 74. Ke5 Re1+ 75. Kd4 Kd6 76. Bc7+ Kd7 77. Bb6 Rh1 78. Ke5 Rh5+ 79. Kd4 Rh4+ 80. Ke5 Ba2 81. Rc7+ Ke8 82. Kd6 Rh6+ 83. Ke5 Re6+ 84. Kd4 Rg6 85. Ke5 Be6 86. Ra7 Bc4 87. Rc7 Bb5 88. Ra7 Rg5+ 89. Kf6 Rh5 90. Ke6 Rh6+ 91. Ke5 1/2-1/2

[Event "BEL-ch U16"]
[Site "Blankenberge"]
[Date "2014.04.17"]
[Round "7"]
[White "Tuerlinckx, Ben"]
[Black "Beukema, Christiaan"]
[Result "1-0"]
[WhiteElo "2039"]
[BlackElo "1464"]
[PlyCount "119"]
[EventDate "2014.04.??"]
[EventType "swiss"]
[EventRounds "9"]
[EventCountry "BEL"]
[SourceTitle "EXT 2015"]
[Source "ChessBase"]
[SourceDate "2014.11.20"]
[SourceVersion "1"]
[SourceVersionDate "2014.11.20"]
[SourceQuality "1"]

1. e4 e5 2. b3 Nc6 3. Bb2 Nf6 4. Nc3 Bc5 5. Bc4 d6 6. Nge2 Ng4 7. Ng3 Bxf2+ 8. Kf1 Bxg3 9. hxg3 Nd4 10. Nd5 c6 11. Bxd4 exd4 12. Nf4 Qf6 13. Be2 g5 14. Bxg4 Bxg4 15. Qxg4 d3 16. c3 gxf4 17. Qxf4 Qe5 18. Qxe5+ dxe5 19. Rh5 f6 20. Kg1 Kf7 21. Rf1 Rag8 22. Rxe5 Rxg3 23. Ref5 Rg6 24. e5 Re8 25. Rxf6+ Rxf6 26. Rxf6+ Kg7 27. Rf5 Kg6 28. g4 h6 29. Kf2 c5 30. Ke3 Rd8 31. Kf4 Re8 32. Rf6+ Kg7 33. Kf5 Re7 34. e6 b6 35. g5 hxg5 36. Rg6+ Kf8 37. Kf6 Rh7 38. Rxg5 Rh6+ 39. Ke5 a5 40. Kd6 Rh7 41. Rg3 b5 42. Kxc5 Ke7 43. Kxb5 Rh5+ 44. Kc4 Kxe6 45. Kxd3 Rd5+ 46. Kc2 Rc5 47. d4 Rf5 48. Re3+ Kd6 49. Kd3 Rf2 50. a4 Kc6 51. Kc4 Rf4 52. Re6+ Kb7 53. Re5 Kb6 54. Rb5+ Ka6 55. Kc5 Rf6 56. d5 Rf5 57. c4 Re5 58. Rb6+ Ka7 59. Re6 Rf5 60. Kb5 1-0

[Event "BEL-ch U16"]
[Site "Blankenberge"]
[Date "2014.04.13"]
[Round "1"]
[White "Tuerlinckx, Ben"]
[Black "Partoens, Remi"]
[Result "1-0"]
[WhiteElo "2039"]
[BlackElo "1459"]
[PlyCount "73"]
[EventDate "2014.04.??"]
[EventType "swiss"]
[EventRounds "9"]
[EventCountry "BEL"]
[SourceTitle "EXT 2015"]
[Source "ChessBase"]
[SourceDate "2014.11.20"]
[SourceVersion "1"]
[SourceVersionDate "2014.11.20"]
[SourceQuality "1"]

1. e4 e5 2. Nf3 Nc6 3. d4 exd4 4. Nxd4 Nxd4 5. Qxd4 Qf6 6. e5 c5 7. Qe4 Qe6 8. Nc3 d6 9. Nd5 Nf6 10. Nc7+ Kd7 11. Nxe6 Nxe4 12. Nxf8+ Rxf8 13. f3 f6 14. e6+ Kc7 15. fxe4 Bxe6 16. Bf4 Rae8 17. 0-0-0 Rd8 18. Be2 Rfe8 19. Bb5 Re7 20. Rxd6 Rxd6 21. Rd1 Kb6 22. Bxd6 Bg4 23. Bxe7 Bxd1 24. Kxd1 Kxb5 25. Bf8 g6 26. Be7 f5 27. exf5 gxf5 28. Ke2 Kc4 29. Ke3 b5 30. Kf4 Kd5 31. Kxf5 a5 32. g4 c4 33. g5 b4 34. h4 Kd4 35. h5 c3 36. Bf6+ Kc4 37. b3+ 1-0

[Event "Cappelle op 30th"]
[Site "Cappelle la Grande"]
[Date "2014.03.03"]
[Round "4"]
[White "Kukov, Velislav"]
[Black "Tuerlinckx, Ben"]
[Result "1-0"]
[WhiteElo "2399"]
[BlackElo "2023"]
[PlyCount "57"]
[EventDate "2014.03.01"]
[EventType "swiss"]
[EventRounds "9"]
[EventCountry "FRA"]
[SourceTitle "CBM 159 Extra"]
[Source "ChessBase"]
[SourceDate "2014.04.24"]
[SourceVersion "1"]
[SourceVersionDate "2014.04.24"]
[SourceQuality "1"]

1. d4 d5 2. Bf4 Nf6 3. e3 c5 4. c3 Nc6 5. Nf3 Bf5 6. Qb3 Qb6 7. dxc5 Qxb3 8. axb3 Nd7 9. b4 e5 10. Bg3 f6 11. Nbd2 g5 12. b5 Nd8 13. b4 h5 14. h4 g4 15. Ng1 Ne6 16. Ne2 Bh6 17. Nc1 d4 18. Nc4 0-0 19. Nd6 Bg6 20. Bc4 Bf7 21. Nxf7 Kxf7 22. cxd4 exd4 23. exd4 f5 24. Bd6 Rfe8 25. 0-0 Kf6 26. Nb3 Nf4 27. Rfe1 Re4 28. Rxe4 fxe4 29. b6 1-0

[Event "BEL-ch op"]
[Site "Antwerp"]
[Date "2013.07.08"]
[Round "3"]
[White "Tuerlinckx, Ben"]
[Black "Vervaet, Bart"]
[Result "0-1"]
[WhiteElo "1964"]
[BlackElo "1764"]
[PlyCount "86"]
[EventDate "2013.07.06"]
[EventType "swiss"]
[EventRounds "9"]
[EventCountry "BEL"]
[SourceTitle "CBM 155 Extra"]
[Source "ChessBase"]
[SourceDate "2013.08.26"]
[SourceVersion "1"]
[SourceVersionDate "2013.08.26"]
[SourceQuality "1"]

1. d4 d5 2. Bf4 Nf6 3. e3 Nbd7 4. Nd2 e6 5. Ngf3 Be7 6. Bd3 c5 7. c3 0-0 8. Ne5 Nxe5 9. dxe5 Nd7 10. Qh5 g6 11. Qh6 Re8 12. Nf3 Bf8 13. Qh3 Bg7 14. Qg3 Nf8 15. h4 h5 16. 0-0 a6 17. Ng5 Qc7 18. c4 dxc4 19. Bxc4 b5 20. Bd3 Bb7 21. Ne4 Bxe4 22. Bxe4 Rad8 23. Rfd1 Rd7 24. Rd6 Rxd6 25. exd6 Qb6 26. Rd1 Rd8 27. b3 c4 28. bxc4 bxc4 29. Be5 Qc5 30. Bxg7 Kxg7 31. Bc2 e5 32. e4 Rxd6 33. Rxd6 Qxd6 34. Qc3 Qd4 35. Qa3 Qd2 36. Ba4 Qe1+ 37. Kh2 Qxf2 38. Qe7 Qf4+ 39. g3 Qxe4 40. Be8 Qe2+ 41. Kh3 Qg4+ 42. Kg2 Qe6 43. Qd8 c3 0-1

[Event "EU-ch U14"]
[Site "Prague"]
[Date "2012.08.24"]
[Round "8"]
[White "Tuerlinckx, Ben"]
[Black "Msellek, Ilyass"]
[Result "1/2-1/2"]
[WhiteElo "1938"]
[BlackElo "2173"]
[PlyCount "80"]
[EventDate "2012.08.17"]
[EventType "swiss"]
[EventRounds "9"]
[EventCountry "CZE"]
[SourceTitle "CBM 150 Extra"]
[Source "ChessBase"]
[SourceDate "2012.10.19"]
[SourceVersion "1"]
[SourceVersionDate "2012.10.19"]
[SourceQuality "1"]

1. d4 Nf6 2. Nf3 g6 3. Bg5 Bg7 4. Nbd2 d5 5. e3 0-0 6. Bd3 Nbd7 7. 0-0 c5 8. c3 b6 9. b4 cxd4 10. cxd4 Ne8 11. Bh4 Bb7 12. a4 a6 13. Nb3 Nd6 14. a5 b5 15. Rc1 Nc4 16. Be2 Rc8 17. Ne1 Nb2 18. Qd2 Rxc1 19. Qxc1 Nc4 20. Nd3 Bc8 21. Nbc5 Nxc5 22. Nxc5 h6 23. Bf3 f5 24. Bg3 e6 25. Be2 Rf7 26. Qc3 Bf8 27. Rd1 Qe8 28. Bxc4 bxc4 29. Be5 Qb5 30. Rb1 Be7 31. Qa3 Bd7 32. Qc3 Rf8 33. h3 Rc8 34. Rb2 Kf7 35. g3 Be8 36. Kh2 Ra8 37. Rb1 Bd8 38. Rb2 Qc6 39. f4 Qc8 40. Rg2 Kg8 1/2-1/2

[Event "EU-ch U14"]
[Site "Prague"]
[Date "2012.08.23"]
[Round "7"]
[White "Afanaskin, Igor"]
[Black "Tuerlinckx, Ben"]
[Result "1/2-1/2"]
[WhiteElo "2029"]
[BlackElo "1938"]
[PlyCount "100"]
[EventDate "2012.08.17"]
[EventType "swiss"]
[EventRounds "9"]
[EventCountry "CZE"]
[SourceTitle "CBM 150 Extra"]
[Source "ChessBase"]
[SourceDate "2012.10.19"]
[SourceVersion "1"]
[SourceVersionDate "2012.10.19"]
[SourceQuality "1"]

1. e4 c6 2. d4 d5 3. exd5 cxd5 4. Bd3 Nc6 5. c3 Qc7 6. Nf3 Bg4 7. 0-0 e6 8. Nbd2 Bd6 9. h3 Bh5 10. b4 Nf6 11. Re1 0-0 12. Qb3 Rac8 13. Bb2 Bg6 14. Bxg6 hxg6 15. Rac1 Nh5 16. a3 Nf4 17. c4 dxc4 18. Nxc4 Qb8 19. g3 Nd5 20. Nfe5 Nxe5 21. dxe5 Be7 22. h4 Rfd8 23. Qf3 Rd7 24. Kg2 Rdc7 25. Qe4 b5 26. Ne3 Rxc1 27. Rxc1 Nxe3+ 28. Qxe3 Rxc1 29. Bxc1 a5 30. Bd2 axb4 31. Bxb4 Bxb4 32. axb4 Qb7+ 33. Qf3 Qc7 34. Qe4 Qc3 35. Qa8+ Kh7 36. Qe4 Kg8 37. Kh2 Qd2 38. Kg2 Qc3 39. Qf4 Qd3 40. Kh2 Qd5 41. Qe3 Qc4 42. Qd2 Kh7 43. Qd6 Qc2 44. Qc5 Qxc5 45. bxc5 b4 46. c6 b3 47. c7 b2 48. c8Q b1Q 49. Qd7 Qf5 50. Qd4 Qf3 1/2-1/2

[Event "EU-ch U14"]
[Site "Prague"]
[Date "2012.08.21"]
[Round "5"]
[White "Savenkov, Konstantin"]
[Black "Tuerlinckx, Ben"]
[Result "1-0"]
[WhiteElo "2162"]
[BlackElo "1938"]
[PlyCount "43"]
[EventDate "2012.08.17"]
[EventType "swiss"]
[EventRounds "9"]
[EventCountry "CZE"]
[SourceTitle "CBM 150 Extra"]
[Source "ChessBase"]
[SourceDate "2012.10.19"]
[SourceVersion "1"]
[SourceVersionDate "2012.10.19"]
[SourceQuality "1"]

1. e4 c6 2. d4 d5 3. exd5 cxd5 4. Bd3 Nc6 5. c3 g6 6. Bf4 Nf6 7. Nf3 Bg7 8. 0-0 Nh5 9. Be3 Qd6 10. Na3 a6 11. c4 0-0 12. cxd5 Qxd5 13. Nc4 Bxd4 14. Nxd4 Nxd4 15. Nb6 Qc5 16. Nxa8 e5 17. Rc1 Qd6 18. Be2 Nf6 19. Bxd4 exd4 20. Bf3 Be6 21. Nc7 Bxa2 22. Qa4 1-0

[Event "EU-ch U14"]
[Site "Prague"]
[Date "2012.08.19"]
[Round "3"]
[White "Tuerlinckx, Ben"]
[Black "Bares, Jachym"]
[Result "1-0"]
[WhiteElo "1938"]
[BlackElo "1684"]
[PlyCount "165"]
[EventDate "2012.08.17"]
[EventType "swiss"]
[EventRounds "9"]
[EventCountry "CZE"]
[SourceTitle "CBM 150 Extra"]
[Source "ChessBase"]
[SourceDate "2012.10.19"]
[SourceVersion "1"]
[SourceVersionDate "2012.10.19"]
[SourceQuality "1"]

1. e4 e5 2. Nc3 Nc6 3. g3 Bc5 4. Bg2 d6 5. Na4 Bb6 6. Nxb6 axb6 7. Ne2 Nf6 8. 0-0 0-0 9. c3 d5 10. exd5 Nxd5 11. d4 exd4 12. Nxd4 Nde7 13. Be3 Nxd4 14. Bxd4 Nc6 15. Be3 Be6 16. Qb1 Qf6 17. Be4 h6 18. Qc2 Rfd8 19. b3 Rd7 20. Rad1 Rad8 21. Rxd7 Rxd7 22. Bf4 Qd8 23. Re1 Qc8 24. Qe2 Ne7 25. Qf3 Bd5 26. c4 Bxe4 27. Rxe4 Ng6 28. Qe2 Kf8 29. Bc1 Qd8 30. Ba3+ c5 31. Qf3 Rd2 32. Re2 Qd3 33. Qxd3 Rxd3 34. Kg2 Ne7 35. Bc1 Nc6 36. Bf4 Rd7 37. a3 Nd4 38. Rb2 b5 39. Be3 bxc4 40. bxc4 Ne6 41. Rb5 Rc7 42. f4 f5 43. Kf3 h5 44. Ke2 Ke7 45. Kd3 Kd7 46. Rb6 Ke7 47. Kc3 Nf8 48. Kb3 Kf7 49. Rd6 Nd7 50. Ka4 b6 51. Kb5 Ke7 52. Rd5 g6 53. Rd1 Ke6 54. Bc1 Ke7 55. Bb2 Rc8 56. Bc3 Ra8 57. a4 Rb8 58. Re1+ Kd6 59. Rd1+ Kc7 60. Ra1 Ra8 61. a5 bxa5 62. Bxa5+ Kc8 63. Bc3 Rb8+ 64. Kc6 Rb6+ 65. Kd5 Rb3 66. Be5 Nxe5 67. fxe5 Rb2 68. Kxc5 Rxh2 69. Rd1 g5 70. e6 Re2 71. Kd6 f4 72. gxf4 gxf4 73. Rf1 Rd2+ 74. Ke5 Re2+ 75. Kf6 Re4 76. e7 Kd7 77. Rd1+ Kc7 78. Kf7 h4 79. e8Q Rxe8 80. Kxe8 h3 81. Rh1 Kd6 82. Rxh3 Kc5 83. Rf3 1-0

[Event "BEL-ch op"]
[Site "Lommel"]
[Date "2012.07.04"]
[Round "5"]
[White "Tuerlinckx, Ben"]
[Black "Boons, Bert"]
[Result "1/2-1/2"]
[WhiteElo "1958"]
[BlackElo "1848"]
[PlyCount "113"]
[EventDate "2012.06.30"]
[EventType "swiss"]
[EventRounds "9"]
[EventCountry "BEL"]
[SourceTitle "EXT 2013"]
[Source "ChessBase"]
[SourceDate "2012.11.22"]
[SourceVersion "1"]
[SourceVersionDate "2012.11.22"]
[SourceQuality "1"]

1. e4 d6 2. d4 Nf6 3. f3 c6 4. Nc3 Nbd7 5. Be3 e5 6. Nge2 Qc7 7. Qd2 Nb6 8. Ng3 Be6 9. Nf5 0-0-0 10. g4 d5 11. dxe5 dxe4 12. Qf2 Nfd5 13. Nxe4 Bxf5 14. gxf5 Nxe3 15. Qxe3 Qxe5 16. Bd3 Qxb2 17. 0-0 Qd4 18. Qxd4 Rxd4 19. Kf2 Nd5 20. Rfd1 Be7 21. a4 Rd8 22. a5 Bh4+ 23. Ng3 Nb4 24. Ke2 Nxd3 25. Rxd3 Bxg3 26. hxg3 Rxd3 27. cxd3 Kc7 28. Rh1 h6 29. f6 g6 30. Rxh6 Rd6 31. f4 Rxf6 32. Rh7 Re6+ 33. Kf3 Re7 34. g4 Kd7 35. Rh1 Kd6 36. Rb1 Kc5 37. f5 gxf5 38. gxf5 b5 39. axb6 axb6 40. Kf4 b5 41. Rc1+ Kd5 42. Kg5 Re3 43. d4 Re4 44. Kf6 Rf4 45. Rc5+ Kd6 46. Kxf7 Rxd4 47. Rc1 Rf4 48. Kg6 b4 49. f6 c5 50. f7 b3 51. Rc3 Kd5 52. Rxb3 Kd4 53. Kg7 c4 54. Rb4 Kd3 55. f8Q Rxf8 56. Kxf8 c3 57. Rb3 1/2-1/2

[Event "BEL-ch op"]
[Site "Lommel"]
[Date "2012.07.02"]
[Round "3"]
[White "Tuerlinckx, Ben"]
[Black "Beukema, Jasper"]
[Result "1-0"]
[WhiteElo "1958"]
[BlackElo "1625"]
[PlyCount "95"]
[EventDate "2012.06.30"]
[EventType "swiss"]
[EventRounds "9"]
[EventCountry "BEL"]
[SourceTitle "EXT 2013"]
[Source "ChessBase"]
[SourceDate "2012.11.22"]
[SourceVersion "1"]
[SourceVersionDate "2012.11.22"]
[SourceQuality "1"]

1. e4 e5 2. Nc3 Nc6 3. g3 Nf6 4. Bg2 Bc5 5. d3 0-0 6. h3 d6 7. Nge2 Be6 8. 0-0 Nd4 9. Na4 Nxe2+ 10. Qxe2 Bb6 11. Nxb6 axb6 12. a3 Re8 13. f4 exf4 14. gxf4 Qd7 15. Qf3 Qc6 16. f5 Bc8 17. Qf2 Qc5 18. Be3 Qe5 19. Bd4 Qe7 20. Rae1 Nd7 21. f6 Nxf6 22. Bxf6 Qxf6 23. Qxf6 gxf6 24. Rxf6 Re6 25. Ref1 Rxf6 26. Rxf6 Kg7 27. Rf3 Be6 28. Kf2 Re8 29. h4 h6 30. Rg3+ Kf6 31. Bf3 c6 32. Bh5 d5 33. Rf3+ Kg7 34. e5 Rg8 35. Rf6 Rf8 36. Kg3 Rg8 37. Kf4 Rf8 38. Bg4 Re8 39. Bf5 Re7 40. c3 Re8 41. d4 Re7 42. Kg4 Re8 43. Bxe6 Rxe6 44. Kf5 Re7 45. Rd6 Kh7 46. Kf6 Rc7 47. Rd8 b5 48. Rf8 1-0

[Event "Maastricht Limburg op-B 6th"]
[Site "Maastricht"]
[Date "2012.05.26"]
[Round "3"]
[White "Cromsight, Jeroen"]
[Black "Tuerlinckx, Ben"]
[Result "1-0"]
[WhiteElo "1934"]
[BlackElo "1958"]
[PlyCount "121"]
[EventDate "2012.05.25"]
[EventType "swiss"]
[EventRounds "7"]
[EventCountry "NED"]
[SourceTitle "EXT 2013"]
[Source "ChessBase"]
[SourceDate "2012.11.22"]
[SourceVersion "1"]
[SourceVersionDate "2012.11.22"]
[SourceQuality "1"]

1. e4 c6 2. d4 d5 3. exd5 cxd5 4. Bd3 Nc6 5. c3 Nf6 6. Bf4 g6 7. h3 Bf5 8. Bxf5 gxf5 9. Qb3 Qc8 10. Ne2 Bg7 11. Nd2 0-0 12. Nf3 e6 13. Ne5 Nxe5 14. Bxe5 Ne4 15. Bxg7 Kxg7 16. f3 Nf6 17. 0-0-0 Rb8 18. Nf4 Qc7 19. Nd3 Qg3 20. Qc2 b5 21. Kb1 Nd7 22. h4 a5 23. Qd2 Kh8 24. Rde1 Rg8 25. Re2 Nb6 26. Ne5 Qg7 27. Qg5 Nc4 28. Qxg7+ Rxg7 29. Nd7 Rbg8 30. Rh2 b4 31. cxb4 axb4 32. Nc5 Rb8 33. Nb3 h5 34. Nc1 Rgg8 35. Rh1 Rgc8 36. Rd1 Kg7 37. Rd3 Kf6 38. Rb3 Na5 39. Rd3 Rc4 40. b3 Rc7 41. Rc2 Rbc8 42. Rxc7 Rxc7 43. Ne2 Kg6 44. Rd2 Nb7 45. Rc2 Rxc2 46. Kxc2 Nd6 47. Nf4+ Kh6 48. Nd3 Nb5 49. Nxb4 Nxd4+ 50. Kd3 Nb5 51. a4 Na7 52. Kd4 f6 53. Kc5 Kg6 54. a5 f4 55. a6 Kf5 56. Nc6 Nc8 57. b4 e5 58. b5 d4 59. Nxd4+ exd4 60. Kxd4 Ke6 61. Kc5 1-0

[Event "Maastricht Limburg op-B 6th"]
[Site "Maastricht"]
[Date "2012.05.26"]
[Round "2"]
[White "Tuerlinckx, Ben"]
[Black "Moog, Gerhard"]
[Result "0-1"]
[WhiteElo "1958"]
[BlackElo "1964"]
[PlyCount "50"]
[EventDate "2012.05.25"]
[EventType "swiss"]
[EventRounds "7"]
[EventCountry "NED"]
[SourceTitle "EXT 2013"]
[Source "ChessBase"]
[SourceDate "2012.11.22"]
[SourceVersion "1"]
[SourceVersionDate "2012.11.22"]
[SourceQuality "1"]

1. e4 e5 2. Nc3 Nc6 3. g3 g6 4. Bg2 Bg7 5. Nge2 d6 6. 0-0 Nge7 7. d3 0-0 8. f4 Bg4 9. h3 Bxe2 10. Nxe2 Qd7 11. c3 d5 12. exd5 Nxd5 13. fxe5 Nxe5 14. d4 Nc4 15. Qd3 b5 16. b3 Ncb6 17. Nf4 Rad8 18. Ba3 Rfe8 19. Nxd5 Nxd5 20. Bxd5 Qxd5 21. Qf3 Qxf3 22. Rxf3 Rxd4 23. Bc5 Rd2 24. Bxa7 Ra8 25. Bd4 Rxd4 0-1